00563nai a2200157Ia 4500003000900000008004100009022002200050022002300072040001600095245006800111260003400179310001400213362002500227521006900252856008400321IN-BaIIA211028c9999 xx s 000 0 eng d a1546-542X (Print) a1744-7402 (Online) cIIA Library 0aInternational Journal Of Applied Ceramic Technologyh[eJournal] aNew JerseybJohn Wiley & Sons aBimonthly a1(1); 2004 - Present bSubscribed through National Knowledge Resource Consortium (NKRC) uhttps://onlinelibrary.wiley.com/journal/17447402yClick Here to Access eJournal